00495nam a22001457a 4500003000500000038001800005082000800023100001800031245011600049264003500165300002400200650003100224700003600255856005800291NUST aNusrat Nadeem a200 aBibi, Mehwish aCooperative Computational Offloading in Vehicular Networking using Deep Reinforcement Learning/cMehwish Bibi,  aIslamabad;bSEECS NUST;c2024. a57,p;bill;c30,cm. aMS-Electrical Engineering  aSupervisor: Dr. Syed Ali Hassan u http://10.250.8.41:8080/xmlui/handle/123456789/45224